Suikoden (Video Game series) Multiple Choice Quiz III - Statistics

General Stats
  • This quiz has been taken 62 times
    51 since last reset
  • The average score is 9 of 15
Answer Stats
Question Answer % Correct
Suiko II: Which character gives his life to save Pilika from Luca Blight during the attack on the Mercenary Fortress? Pohl
100%
Suiko I: What did Milich Oppenheimer rename the town of Antei to? Bier Blanche
75%
Suiko ALL: Which two mages are said to have waged a battle so intense that it reduced Karakas to a desert wasteland? Crowley and Mazus
75%
Suiko III: What explanation was given for the absence of the original Flame Champion when his old hideaway was found? He had removed his True Fire Rune voluntarily and died of natural causes long ago.
75%
Suiko IV/V: Which Suiko IV character is the Island Nations flagship named for when encountered in Suiko V? Lino
75%
Suiko III: Which Dragon Ball (anime series) character shares a name with the little old man who tells fortunes in Budehuc Castle? Piccolo
75%
Suiko ALL: In her three playable appearances, which weapon has Lorelai NOT used in battle? Spear
75%
Suiko II: What is the last spell Riou learns with the Shield Rune? Forgiver Sign
50%
Suiko III: To which knight company does Mua belong to? Free Knights of Camaro.
50%
Suiko ALL: Which of these countries DOES NOT share a border with Dunan? Kanakan
50%
Suiko I: What happened to Kalekka for it be in ruins at the outset of the game? Leon Silverberg destroyed it and claimed Jowston did it to justify war.
50%
Suiko IV: Who is the dutiful servant of Schtolteheim Reinbach III? Micky
50%
Suiko II: What rune is said to allow vampires to exist? Night Rune
50%
Suiko V: Which Queen's Knight is a former resident of Sauronix and a childhood friend of Craig, Rahal and Roog? Miakis
25%
Suiko ALL: What do Kasumi, Mizuki and Sagiri have in common? They bear the Ninja-class Shrike Rune.
25%
No matching quizzes found
Score Distribution
Percent of People with Each Score
Percentile by Number Answered
Your Score History
You have not taken this quiz since the last reset